00599nam a2200181 a 450000500170000000800410001704000270005804100080008504400070009308200170010011000440011724500370016126000400019830000830023865000470032165000130036871000360038120191224042341.0171127b2008 ck ado|fr|||| 00| 0 eng d aCO-BoIAVH cCO-BoIAVH 0 aeng ack a547.61bI59a2 aANH, Agencia Nacional de Hidrocarburos  aInstituional information booklet aBogotá (Colombia) :bANH ,c2008. a17 páginas.bilustraciones, gráficas y fotografías a color.c 22 x 24 cm26aMinisterio de minas y energía zColombia 0aCarbón aMinisterio de minas y energía